Jugend im anderen Teil Deutschlands: Schrittmacher oder Mitmacher?
| Main Author: | |
|---|---|
| Format: | Print Book |
| Language: | German |
| Published: |
München
Juventa
1969
|
| In: | Year: 1969 |
| Availability in Tübingen: | Present in Tübingen. IFK: O IV 71 UB: KB 1 A 13 |
| Check availability: | HBZ Gateway |
| Subito Delivery Service: | Order now. |
| Keywords: |
MARC
| LEADER | 00000cam a2200000 c 4500 | ||
|---|---|---|---|
| 001 | 1073067351 | ||
| 003 | DE-627 | ||
| 005 | 20260206193238.0 | ||
| 007 | tu | ||
| 008 | 850101s1969 xx ||||| 00| ||ger c | ||
| 035 | |a (DE-627)1073067351 | ||
| 035 | |a (DE-603)031321305 | ||
| 035 | |a (DE-576)003067351 | ||
| 035 | |a (DE-599)BSZ003067351 | ||
| 035 | |a (OCoLC)299611938 | ||
| 035 | |a (DE-604)8090761952 | ||
| 040 | |a DE-627 |b ger |c DE-627 |e rakwb | ||
| 041 | |a ger | ||
| 082 | 0 | |a 301.431509431 | |
| 084 | |a DU 3000 |2 rvk |0 (DE-625)rvk/20045:761 | ||
| 084 | |a DU 3001 |2 rvk |0 (DE-625)rvk/20045:762 | ||
| 084 | |a BU 8300 |2 rvk |0 (DE-625)rvk/16934: | ||
| 084 | |a MS 1206 |2 rvk |0 (DE-625)rvk/123560: | ||
| 084 | |a MG 81280 |2 rvk |0 (DE-625)rvk/122864:12073 | ||
| 084 | |a NQ 6960 |2 rvk |0 (DE-625)rvk/128854: | ||
| 084 | |a 15.38 |2 bkl | ||
| 100 | 1 | |8 1\p |a Maerker, Rudolf |d 1927-1987 |0 (DE-588)104662867 |0 (DE-627)480696683 |0 (DE-576)289520355 |4 aut | |
| 109 | |a Maerker, Rudolf 1927-1987 |a Maerker, Karl Rudolf 1927-1987 | ||
| 245 | 1 | 0 | |a Jugend im anderen Teil Deutschlands |b Schrittmacher oder Mitmacher? |c Rudolf Maerker |
| 264 | 1 | |a München |b Juventa |c 1969 | |
| 300 | |a 168 S. | ||
| 336 | |a Text |b txt |2 rdacontent | ||
| 337 | |a ohne Hilfsmittel zu benutzen |b n |2 rdamedia | ||
| 338 | |a Band |b nc |2 rdacarrier | ||
| 583 | 1 | |a Archivierung/Langzeitarchivierung gewährleistet |f SLG |x XA-DE-BW |z BfZ |2 pdager |5 DE-24 | |
| 583 | 1 | |a Archivierung/Langzeitarchivierung gewährleistet |f SSG |x XA-DE-BW |2 pdager |5 DE-21 | |
| 650 | 0 | 7 | |0 (DE-588)4028859-6 |0 (DE-627)104419199 |0 (DE-576)208979859 |a Jugend |2 gnd |
| 651 | 7 | |0 (DE-588)4011890-3 |0 (DE-627)104732415 |0 (DE-576)20889621X |a Deutschland |g DDR |2 gnd | |
| 689 | 0 | 0 | |d g |0 (DE-588)4011890-3 |0 (DE-627)104732415 |0 (DE-576)20889621X |a Deutschland |g DDR |2 gnd |
| 689 | 0 | 1 | |d s |0 (DE-588)4028859-6 |0 (DE-627)104419199 |0 (DE-576)208979859 |a Jugend |2 gnd |
| 689 | 0 | |5 (DE-627) | |
| 883 | |8 1\p |a cgwrk |d 20241001 |q DE-101 |u https://d-nb.info/provenance/plan#cgwrk | ||
| 935 | |a mteo | ||
| 935 | |h HEB |i 0501 | ||
| 935 | |h HEB |i 0503 | ||
| 936 | r | v | |a DU 3000 |b Allgemeines und Deutschland |k Pädagogik |k Pädagogische Soziologie |k Jugendsoziologie |k Allgemeines und Deutschland |0 (DE-627)1270809784 |0 (DE-625)rvk/20045:761 |0 (DE-576)200809784 |
| 936 | r | v | |a DU 3001 |b Deutschland (DDR) (1949-1990) |k Pädagogik |k Pädagogische Soziologie |k Jugendsoziologie |k Deutschland (DDR) (1949-1990) |0 (DE-627)1271613166 |0 (DE-625)rvk/20045:762 |0 (DE-576)201613166 |
| 936 | r | v | |a BU 8300 |b Pädagogische Anthropologie des Heranwachsenden |k Theologie und Religionswissenschaften |k Religionspädagogik und Katechetik |k Menschen als Adressaten und Partner von Erziehung, Unterweisung und Katechese |k Pädagogische Anthropologie des Heranwachsenden |0 (DE-627)1270760750 |0 (DE-625)rvk/16934: |0 (DE-576)200760750 |
| 936 | r | v | |a MS 1206 |b DDR (1949-1990) |k Soziologie |k Spezielle Soziologien |k Analysen einzelner Länder |k Europa |k DDR (1949-1990) |0 (DE-627)127108273X |0 (DE-625)rvk/123560: |0 (DE-576)20108273X |
| 936 | r | v | |a MG 81280 |b Jugendverbände (Jugend und Politik) |k Politologie |k Politische Systeme einzelner Länder |k Europa, Nordamerika |k Osteuropa (ehem. Ostblock) |k DDR (bis 1990) |k Interessenverbände, politische Gruppen |k Jugendverbände (Jugend und Politik) |0 (DE-627)1271553872 |0 (DE-625)rvk/122864:12073 |0 (DE-576)201553872 |
| 936 | r | v | |a NQ 6960 |b Darstellungen |k Geschichte |k Geschichte seit 1918 |k Deutsche Geschichte seit 1945 |k Deutsche Demokratische Republik (DDR) (1949 - 1990) |k Darstellungen |0 (DE-627)1271472600 |0 (DE-625)rvk/128854: |0 (DE-576)201472600 |
| 936 | b | k | |a 15.38 |j Europäische Geschichte nach 1945 |q coli-conc RVK->BK |q https://coli-conc.gbv.de/api/mappings/ca5e71c2-ea45-4983-9498-0aae53095f57 |0 (DE-627)181569671 |
| 936 | s | n | |a n100 |2 mzub |
| 936 | s | n | |a m100 |2 mzub |
| 936 | s | n | |a d100 |2 mzub |
| 938 | 1 | 0 | |0 (DE-627)1756151512 |0 (DE-615)6603091 |a Jugendliche/Junge Menschen |2 fivt |
| 951 | |a BO | ||
| ELC | |b 1 | ||
| LOK | |0 000 xxxxxcx a22 zn 4500 | ||
| LOK | |0 001 2023124956 | ||
| LOK | |0 003 DE-627 | ||
| LOK | |0 004 1073067351 | ||
| LOK | |0 005 20020517000000 | ||
| LOK | |0 008 910722||||||||||||||||ger||||||| | ||
| LOK | |0 040 |a DE-21 |c DE-627 |d DE-21 | ||
| LOK | |0 852 |a DE-21 | ||
| LOK | |0 852 1 |c KB 1 A 13 |9 00 | ||
| LOK | |0 935 |a krim | ||
| LOK | |0 936ln |a k7.3.2.2 | ||
| LOK | |0 939 |a 22-07-91 |b l01 | ||
| LOK | |0 000 xxxxxcx a22 zn 4500 | ||
| LOK | |0 001 2023124964 | ||
| LOK | |0 003 DE-627 | ||
| LOK | |0 004 1073067351 | ||
| LOK | |0 005 20020607000000 | ||
| LOK | |0 008 930430||||||||||||||||ger||||||| | ||
| LOK | |0 040 |a DE-21-110 |c DE-627 |d DE-21-110 | ||
| LOK | |0 852 |a DE-21-110 | ||
| LOK | |0 852 1 |c O IV 71 |m p |9 00 | ||
| LOK | |0 935 |a k110 | ||
| LOK | |0 936ln |a 7.3.2.2 | ||
| LOK | |0 938 |k p | ||
| LOK | |0 939 |a 30-04-93 |b l01 | ||
| ORI | |a SA-MARC-krimdoka001.raw | ||
| SIG | |a IFK: O IV 71 | ||
| SIG | |a UB: KB 1 A 13 | ||
| TIM | |a 100019491007_100019901002 |b 1949-10-07 - 1990-10-02 | ||
